| 000 | 01205cab a22002175a 4500 | ||
|---|---|---|---|
| 001 | L142705 | ||
| 008 | 080303s2008 xxk f 000 0 eng d | ||
| 035 | _a(Sirsi) u142705 | ||
| 041 | 0 | _aeng | |
| 110 | 2 |
_aAgreement _95485 |
|
| 245 | 0 | 0 | _aManaging agents' gas safety |
| 260 | _c2008 | ||
| 490 |
_aAgreement _vFebruary 2008 |
||
| 520 | _aOutlines the responsibilities faced by managing agents under gas safety regulations. These are to organise checks and maintenance on gas appliances. Contracting to CORGI registered gas installers is recommended. Agents should ensure that their procedures satisfy their regulatory duties of care, including gas escapes, contractor selection, staff training and awareness, void property management, specification documentation and work records. Recommends that the person carrying out the audit should be someone not directly involved in the other processes. Describes CORGI's auditing programme and provides relevant contact details. | ||
| 590 | _aKA | ||
| 650 | 2 | 4 | _aGAS SAFETY (INSTALLATION AND USE) REGULATIONS 1998 |
| 651 | 4 |
_aUnited Kingdom _y |
|
| 690 | _aPROPERTY-PROPERTY MANAGEMENT-MANAGING AGENTS | ||
| 690 |
_aHealth and safety _96244 |
||
| 942 | _n0 | ||
| 999 |
_c79914 _d79914 |
||